Manual de bibliografía de la literatura española / (Record no. 184786)

MARC details
000 -LEADER
campo de control de longitud fija 00888nam a2200253 i 4500
001 - NÚMERO DE CONTROL
campo de control 184786
003 - IDENTIFICADOR DE NÚMERO DE CONTROL
campo de control ES-MaACL
005 - FECHA Y HORA DE LA ÚLTIMA TRANSACCIÓN
campo de control 20231118185515.0
008 - DATOS DE LONGITUD FIJA--INFORMACIÓN GENERAL
campo de control de longitud fija 151230s1966 sp b |||| | spa d
080 ## - NÚMERO DE LA CLASIFICACIÓN DECIMAL UNIVERSAL
Número de la Clasificación Decimal Universal 016:821.134.2
080 ## - NÚMERO DE LA CLASIFICACIÓN DECIMAL UNIVERSAL
Número de la Clasificación Decimal Universal 016:821.134.2.09
100 1# - ENTRADA PRINCIPAL--NOMBRE DE PERSONA
Nombre de persona Simón Díaz, José.
9 (RLIN) 106544
245 10 - MENCIÓN DEL TÍTULO
Título Manual de bibliografía de la literatura española /
Mención de responsabilidad, etc. José Simón Díaz.
246 3# - FORMA VARIANTE DEL TITULO
Título propio/Titulo breve Manual de bibliografía de la literatura española.
Nombre de parte o sección de la obra Adiciones 1962-1964
250 ## - MENCION DE EDICION
Mención de edición 2ª ed., amp. con unas Adiciones 1962-1964.
260 ## - PUBLICACIÓN, DISTRIBUCIÓN, ETC.
Lugar de publicación, distribución, etc. Barcelona :
Nombre del editor, distribuidor, etc. Gustavo Gili,
Fecha de publicación, distribución, etc. [1966]
300 ## - DESCRIPCIÓN FÍSICA
Extensión VII, 603 p., 100 p. ;
Dimensiones 23 cm.
500 ## - NOTA GENERAL
Nota general Índices.
650 #7 - PUNTO DE ACCESO ADICIONAL DE MATERIA--TÉRMINO DE MATERIA
Término de materia o nombre geográfico como elemento de entrada Literatura española-
Subdivisión de forma Bibliografías.
9 (RLIN) 14554
852 4# - LOCALIZACIÓN
Ubicación ES-MaACL
Número de control de estantería A-13524
itemnumber 191801
Sublocalización o colección R.63288
Ubicación en estantería Depósito 1
Signatura antigua Olim: N-6524
852 4# - LOCALIZACIÓN
Ubicación ES-MaACL
Número de control de estantería C-32700
942 ## - ELEMENTOS DE ENTRADA SECUNDARIOS (KOHA)
Fuente del sistema de clasificación o colocación Clasificación decimal universal
Tipo de ítem Koha Libro impreso
Holdings
Estatus retirado Estado de pérdida Estado de daño No para préstamo Biblioteca de origen Biblioteca actual Ubicación en estantería Fecha de adquisición Fuente de adquisición Total de préstamos Signatura topográfica completa Código de barras Visto por última vez Precio de reemplazo Tipo de ítem Koha Fuente del sistema de clasificación o colocación
        Biblioteca del Ateneo de Madrid Biblioteca del Ateneo de Madrid Depósito 2 30/12/2015     C-32700 1194587 23/02/2023 23/02/2023 Libro impreso  
        Biblioteca del Ateneo de Madrid Biblioteca del Ateneo de Madrid Depósito 1 30/12/2015 Compra   A-13524 1194585 23/02/2023 23/02/2023 Libro impreso Clasificación decimal universal